Datum a čas kvízu
29
Celkem bodů
Celkový počet nahraných bodů na tomto kvízu bez doplňovacích otázek.
5.
Pořadí na kvízu
Konečné umístění týmu na tomto kvízu.
Zaznamenané odpovědi
| # | Otázka | Odpověď | Body | Výsledky |
|---|---|---|---|---|
| 1. | Na sociálních sítích se minulý... | v Pardubicích | 0 | |
| 2. | V uplynulém týdnu odstartovala... | Donald Trump | 1 | |
| 3. | Jak zní název nového krimináln... | Šéfka | 1 | |
| 4. | V pondělí představila společno... | příchuť vesmíru | 0 | |
| 5. | Po útoku na Ukrajinu odstoupil... | Helsinky, Riga | 0 | |
| 6. | Začneme sarajevským atentátem... | V 50 letech. (Uznáváme 48–52 let.) | 0 | |
| 7. | Ve Spojených státech se událo... | 1B 2C 3A 4D | 0 | |
| 8. | Mehmet Ali Ağca [ádža] je ture... | D | 1 | |
| 9. | Napište jméno kladenského rodá... | Antonín Čermák, Franklin D. Roosevelt | 0.5 | |
| 10. | Poslední bod tohoto tématu roz... | Bénazír Bhuttová, Pákistán | 0 |